Road passenger transport - key to profitability (Record no. 13785)

000 -LEADER
fixed length control field 00399pab a2200157 454500
008 - FIXED-LENGTH DATA ELEMENTS--GENERAL INFORMATION
fixed length control field 180718b1987 xxu||||| |||| 00| 0 eng d
100 ## - MAIN ENTRY--PERSONAL NAME
Personal name Patankar, P.G.
245 ## - TITLE STATEMENT
Title Road passenger transport - key to profitability
260 ## - PUBLICATION, DISTRIBUTION, ETC.
Date of publication, distribution, etc. 1987
300 ## - PHYSICAL DESCRIPTION
Extent 5-11
362 ## - DATES OF PUBLICATION AND/OR SEQUENTIAL DESIGNATION
Dates of publication and/or sequential designation May
650 ## - SUBJECT ADDED ENTRY--TOPICAL TERM
Topical term or geographic name entry element Motor Transportation
700 ## - ADDED ENTRY--PERSONAL NAME
Personal name M.V. Bagade
773 ## - HOST ITEM ENTRY
Main entry heading Journal of Transport Management
909 ## -
-- 13785
Holdings
Withdrawn status Lost status Damaged status Not for loan Permanent Location Current Location Date acquired Serial Enumeration / chronology Barcode Date last seen Price effective from Koha item type
        Indian Institute of Public Administration Indian Institute of Public Administration 2018-07-19 Volume no: 11, Issue no: 5 AR13828 2018-07-19 2018-07-19 Articles

Powered by Koha